[Event "BAF"]
[Site "SchemingMind.com"]
[Date "2021.10.03"]
[Round "-"]
[White "JAHI"]
[Black "eliecercruzr"]
[Result "1/2-1/2"]
[WhiteCountry "INT"]
[BlackCountry "CUB"]
[WhiteElo "2138"]
[WhiteRD "64"]
[BlackElo "2301"]
[BlackRD "73"]
[GameID "716063"]

1. d3 d5 2. g3 e5 3. Bg2 Nf6 4. Bg5 Be7 5. Bxf6 Bxf6 6. Nd2 O-O 7. Kf1 Na6 8. h3 c6 9. h4 Nc5 10. Nh3 h6
11. e3 Qb6 12. b3 a5 13. Qe2 a4 14. Rc1= Qb4 15. Nb1 axb3 16. axb3 Re8 17. Kg1 Bd8 18. Kh2 Nd7 19. Rhd1 Nf6 20. f3 e4
21. dxe4 dxe4 22. fxe4 Qe7 23. Nd2 Bc7 24. Nf4 g5 25. hxg5 hxg5 26. Nd3 Kg7 27. Rh1 Rh8+ 28. Kg1 Rxh1+ 29. Bxh1 Bd7 30. Qf3 Ng4
31. Bg2 Rh8 32. Nf1 Ne5 33. Qf2 Be6 34. Bf3 Qd8 35. Qe2 Qc8 36. Ra1 Bh3 37. Nf2 Be6 38. Nd3 Rh6 39. Nf2 Bd6 40. Qd1 c5
41. Be2 Bc7 42. Ra7 Rh8 43. Nd3 Nxd3 44. cxd3 Be5 45. Bf3 b6 46. Ra4 Rh6 47. Ra2 Qd7 48. Ra8 Bh3 49. Ra2 Bxf1 50. Qxf1 Qe6
51. Rg2 Rh3 52. Qf2 Qxb3 53. Be2 Qe6 54. d4 cxd4 55. exd4 Qh6 56. Kf1 g4 57. Bxg4 Rh1+ 58. Ke2 Ra1 59. dxe5 Ra2+ 60. Kd3 Rxf2
61. Rxf2 Qg5 62. Rf4 Qxe5 63. Bd1 Qb5+ 64. Kd2 Qb4+ 65. Kd3 Qe1 66. Kc2 b5 67. Rf3 Qxe4+ 68. Kd2 Kh6 69. Rd3 Kg5 70. Bb3 Qb4+
71. Ke2 f5 72. Bd1 Qc4 73. Kd2 b4 74. Re3 Qd4+ 75. Rd3 Qa1 76. Re3 Qb2+ 77. Ke1 Qc1 78. Ke2 Qc4+ 79. Kd2 Qd4+ 80. Rd3 Qb2+
81. Ke1 Kf6 82. Bb3 Qc1+ 83. Kf2 Ke5 84. Ke2 Kf6 85. Kf2 Qh1 86. Re3 Qh2+ 87. Ke1 Qb2 88. Ba4 Kg5 89. Rd3 f4 90. gxf4+ Kxf4
91. Bd1 Ke4 92. Rb3 Qe5 93. Ke2 Kd5+ 94. Kd2 Kc5 95. Kc1 Qa1+ 96. Kd2 Kc4 97. Rf3 Qd4+ 98. Kc2 Kc5 99. Rb3= Qa1 100. Kd2 Kc4
101. Rf3 Qd4+ 102. Kc2 Kc5 103. Rb3 Kb6 104. Rf3 Qa1 105. Rb3 Kb5 106. Be2+ Kc5 107. Bd1 Kc4 108. Rb2 Qa4+ 109. Kc1 Qa1+ 110. Kc2 Qa3
111. Kb1 Qd3+ 112. Kc1 Qf1 113. Kd2 Qf2+=
1/2-1/2

[Event "BAF"]
[Site "SchemingMind.com"]
[Date "2021.10.02"]
[Round "-"]
[White "Derek Price"]
[Black "carra1971"]
[Result "0-1"]
[WhiteCountry "ENG"]
[BlackCountry "CUB"]
[WhiteElo "2255"]
[WhiteRD "69"]
[BlackElo "2329"]
[BlackRD "86"]
[GameID "716064"]

1. c4 Nf6 2. g3 e5 3. Bg2 d5 4. cxd5 Nxd5 5. Nf3 Nc6 6. O-O Nb6 7. b3 f6 8. Bb2 Be7 9. d3 Bg4 10. Nbd2 Qd7
11. Rc1 O-O-O 12. a3 h5 13. h4 Bh3 14. Bxh3 Qxh3 15. Rxc6 bxc6 16. Qc2 c5 17. b4 cxb4 18. axb4 Bxb4 19. Bc3 Be7 20. Ra1 Qe6
21. Rxa7 Qc6 22. Qb3 Rd5 23. Ba5 Bc5 24. Qa2 Na8 25. Qc4 Kd7 26. Ra6 Nb6 27. Qe4 Kc8 28. Bxb6 Bxb6 29. Ra1 Kb7 30. Nc4 Ra8
31. Rb1 Rd7 32. Qh7 e4 33. Qxe4 Qxe4 34. dxe4 Ra2 35. e5 Rxe2 36. exf6 gxf6 37. Nxb6 cxb6 38. Rb5 Rh7 39. Rf5 Rh6 40. Rf4 Rc2
41. Nd4 Rc4 42. f3 Rh7 43. Kf2 Rd7 44. Ke3 f5 45. g4 fxg4 46. fxg4 hxg4 47. Rxg4 Ka6 48. Re4 Rc3+ 49. Kf4 Rf7+ 50. Ke5 Rc5+
51. Ke6 Rf2 52. Kd6 Rf6+ 53. Ne6 Rh6 54. Kd7 Rch5 55. Ke7 Rxh4 56. Re3 Rc4 57. Re1 b5 58. Kd6 Kb6 59. Kd5 Rh5+ 60. Kd6 Rc6+
61. Kd7 Rh7+ 62. Kd8 Kb7 63. Ke8 Rc8+ 64. Nd8+ Kb6
0-1

[Event "BAF"]
[Site "SchemingMind.com"]
[Date "2021.10.03"]
[Round "-"]
[White "carra1971"]
[Black "grabapawn"]
[Result "1-0"]
[WhiteCountry "CUB"]
[BlackCountry "USA"]
[WhiteElo "2176"]
[WhiteRD "88"]
[BlackElo "1526"]
[BlackRD "61"]
[GameID "716065"]

1. e4 e5 2. Nf3 Nf6 3. Nc3 Bc5 4. Nxe5 Nc6 5. Nxc6 dxc6 6. h3 Qd4 7. Qf3 O-O 8. d3 Ng4 9. hxg4 Bxg4 10. Qxg4 Qxf2+
11. Kd1 f5 12. Qh5 h6 13. Bxh6 Bd4 14. Bg5 Bf6 15. Bxf6 Rxf6 16. Qh8+ Kf7 17. Qxa8 Rh6 18. Rxh6 Qxf1+ 19. Kd2 Qxg2+ 20. Ne2 Qg5+
21. Kc3 Qxh6 22. Qxb7 Qf6+ 23. Nd4 Qd6 24. Nxf5 Qc5+ 25. Kb3
1-0

[Event "BAF"]
[Site "SchemingMind.com"]
[Date "2021.10.02"]
[Round "-"]
[White "carra1971"]
[Black "Phillip Beckett"]
[Result "1-0"]
[WhiteCountry "CUB"]
[BlackCountry "ENG"]
[WhiteElo "2176"]
[WhiteRD "88"]
[BlackElo "1493"]
[BlackRD "52"]
[GameID "716066"]

1. d4 d5 2. c4 e6 3. Nc3 Nf6 4. Nf3 Be7 5. Bf4 c6 6. e3 O-O 7. Bd3 dxc4 8. Bxc4 Nbd7 9. O-O Nb6 10. Bd3 Nbd5
11. Be5 Nxc3 12. bxc3 Bd6 13. Bxd6 Qxd6 14. e4 Qd8 15. e5 Nd5 16. c4 Nf4 17. Bc2 g6 18. Qd2 Nh5 19. g4 Ng7 20. Qh6 f5
21. Ng5
1-0

[Event "BAF"]
[Site "SchemingMind.com"]
[Date "2021.10.02"]
[Round "-"]
[White "krzysztof"]
[Black "carra1971"]
[Result "0-1"]
[WhiteCountry "POL"]
[BlackCountry "CUB"]
[WhiteElo "1493"]
[WhiteRD "84"]
[BlackElo "2205"]
[BlackRD "88"]
[GameID "716067"]

1. e4 e5 2. Nf3 Nf6 3. Nxe5 d6 4. Nd3 Nxe4 5. Qe2 Qe7 6. Nc3 Nxc3 7. Qxe7+ Bxe7 8. bxc3 Nd7 9. Bb2 Nb6 10. O-O-O O-O
11. h4 d5 12. f3 Bd6 13. f4 Re8 14. g3 Bg4 15. Re1 Rxe1+ 16. Nxe1 Re8 17. Bd3 Bc5 18. c4 dxc4 19. h5 h6 20. Rh4 Rxe1#
0-1

[Event "BAF"]
[Site "SchemingMind.com"]
[Date "2021.10.02"]
[Round "-"]
[White "carra1971"]
[Black "JAHI"]
[Result "1-0"]
[WhiteCountry "CUB"]
[BlackCountry "INT"]
[WhiteElo "2205"]
[WhiteRD "88"]
[BlackElo "2003"]
[BlackRD "66"]
[GameID "716068"]

1. e4 c6 2. d4 g6 3. c4 Bg7 4. Nc3 Kf8 5. Be3 h6 6. Qd2 b6 7. f4 Bb7 8. e5 h5 9. Nf3 Nh6 10. Bd3 Na6
11. O-O Nc7 12. f5 Nxf5 13. Bxf5 gxf5 14. Nh4 e6 15. Bg5 Qe8 16. Ne4 fxe4 17. Ng6+ Kg8 18. Nxh8 Kxh8 19. Bf6 Qf8= 20. Qh6+ Kg8
21. Qxh5 Ne8 22. Rf4 c5 23. Rh4 Nxf6 24. exf6 Bh6 25. Rf1 e3 26. Rff4 Be4 27. Rxe4 e2 28. Reg4+ Qg7 29. Rxg7+ Bxg7 30. Qh7+ Kf8
31. Qh8+ Bxh8 32. Rxh8#
1-0

[Event "BAF"]
[Site "SchemingMind.com"]
[Date "2021.10.03"]
[Round "-"]
[White "carra1971"]
[Black "Daniel Dubé"]
[Result "1-0"]
[WhiteCountry "CUB"]
[BlackCountry "CAN"]
[WhiteElo "2205"]
[WhiteRD "88"]
[BlackElo "1589"]
[BlackRD "61"]
[GameID "716069"]

1. e4 c5 2. Nf3 Nc6 3. Bb5 g6 4. O-O Bg7 5. Bxc6 dxc6 6. d3 Nf6 7. a4 Nd7 8. Nfd2 e5 9. Nc4 O-O 10. a5 f5
11. exf5 gxf5 12. Nbd2 Qf6 13. Re1 Bh6 14. Nf3 Bxc1 15. Qxc1 Kh8 16. Qg5 Qxg5 17. Nxg5 Kg7 18. Ne6+
1-0

[Event "BAF"]
[Site "SchemingMind.com"]
[Date "2021.10.03"]
[Round "-"]
[White "eliecercruzr"]
[Black "carra1971"]
[Result "1/2-1/2"]
[WhiteCountry "CUB"]
[BlackCountry "CUB"]
[WhiteElo "2203"]
[WhiteRD "95"]
[BlackElo "2176"]
[BlackRD "88"]
[GameID "716070"]

1. d4 d5 2. c4 e6 3. Nc3 c6 4. e3 Nf6 5. Nf3 Nbd7 6. Qc2 Bd6 7. Bd3 dxc4 8. Bxc4 O-O 9. O-O b5 10. Bd3 Bb7
11. Ng5 h6 12. Nge4 Be7 13. Rd1 Qb6 14. Nxf6+ Nxf6 15. Qe2 Rad8 16. Bd2 a6 17. a4 Qc7 18. axb5 cxb5 19. f3 Qb8 20. Ne4 Nxe4
21. fxe4 f5 22. e5 Qc8 23. Ba5 Rd7 24. Rdc1 Qe8 25. Rc2 Qg6 26. Rac1 Bg5 27. Bb4 Rff7 28. Bd2=
1/2-1/2

[Event "BAF"]
[Site "SchemingMind.com"]
[Date "2021.10.02"]
[Round "-"]
[White "Quotidienne1"]
[Black "carra1971"]
[Result "0-1"]
[WhiteCountry "SWE"]
[BlackCountry "CUB"]
[WhiteElo "1580"]
[WhiteRD "71"]
[BlackElo "2215"]
[BlackRD "92"]
[GameID "716071"]

1. e4 c5 2. Nf3 d6 3. d4 cxd4 4. Nxd4 Nf6 5. Nc3 g6 6. Be3 Bg7 7. f3 O-O 8. Qd2 Nc6 9. Bc4 Bd7 10. O-O-O Ne5
11. Bb3 Rc8 12. Kb1 a6 13. h4 h5 14. g4 hxg4 15. h5 Nxh5 16. Rdg1 Rc5 17. f4 Nc4 18. Bxc4 Rxc4 19. f5 e6 20. fxe6 Rxd4
21. exf7+ Rxf7 22. Bxd4 Bxd4 23. Qxd4 Qf6 24. Qe3 Qf4 25. Qa7 Be6 26. Ne2 Qxe4
0-1

[Event "BAF"]
[Site "SchemingMind.com"]
[Date "2021.10.02"]
[Round "-"]
[White "Quotidienne1"]
[Black "Derek Price"]
[Result "0-1"]
[WhiteCountry "SWE"]
[BlackCountry "ENG"]
[WhiteElo "1580"]
[WhiteRD "71"]
[BlackElo "2265"]
[BlackRD "69"]
[GameID "716072"]

1. e4 c5 2. Nf3 d6 3. d4 cxd4 4. Nxd4 Nf6 5. Nc3 a6 6. Be3 e5 7. Nb3 Be6 8. f3 h5 9. Qd2 Nbd7 10. a4 Be7
11. a5 O-O 12. Nd5 Bxd5 13. exd5 Rc8 14. c4 Re8 15. Be2 Nh7 16. O-O g6 17. Qb4 Qc7 18. Nd2 Bg5 19. Bxg5 Nxg5 20. h4 Nh7
21. Ne4 Nc5 22. Nxc5 dxc5 23. Qc3 Qd8 24. g3 Nf6 25. Bd3 b6
0-1

[Event "BAF"]
[Site "SchemingMind.com"]
[Date "2021.10.03"]
[Round "-"]
[White "grabapawn"]
[Black "Quotidienne1"]
[Result "1-0"]
[WhiteCountry "USA"]
[BlackCountry "SWE"]
[WhiteElo "1515"]
[WhiteRD "64"]
[BlackElo "1580"]
[BlackRD "71"]
[GameID "716073"]

1. f4 g6 2. e3 Bg7 3. Nf3 d5 4. d4 Nf6 5. Be2 O-O 6. h3 Ne4 7. Nbd2 Ng3 8. Rh2 Nxe2 9. Qxe2 c5 10. g4 b6
11. c3 Re8 12. Qg2 f6 13. h4
1-0

[Event "BAF"]
[Site "SchemingMind.com"]
[Date "2021.10.02"]
[Round "-"]
[White "Phillip Beckett"]
[Black "Quotidienne1"]
[Result "1-0"]
[WhiteCountry "ENG"]
[BlackCountry "SWE"]
[WhiteElo "1468"]
[WhiteRD "56"]
[BlackElo "1580"]
[BlackRD "71"]
[GameID "716074"]

1. e4 e5 2. Nf3 Nc6 3. Bb5 a6 4. Ba4 Nf6 5. O-O Be7 6. Re1 b5 7. Bb3 O-O 8. c3 d5 9. exd5 Nxd5 10. Nxe5 Nxe5
11. Rxe5 c6 12. d4 Bd6 13. Re1 Qh4 14. g3 Qh3 15. Be3 Bg4 16. Qd3 Rae8 17. Nd2 f5 18. Qf1 Qh5 19. Bd1 Bxd1 20. Raxd1 f4
21. Bxf4 Rxe1 22. Rxe1 Nxf4 23. a4
1-0

[Event "BAF"]
[Site "SchemingMind.com"]
[Date "2021.10.02"]
[Round "-"]
[White "Quotidienne1"]
[Black "krzysztof"]
[Result "0-1"]
[WhiteCountry "SWE"]
[BlackCountry "POL"]
[WhiteElo "1580"]
[WhiteRD "71"]
[BlackElo "1497"]
[BlackRD "80"]
[GameID "716075"]

1. e4 e5 2. Nf3 h5 3. Nxe5 d6 4. Nf3 Bg4 5. d4 Nc6 6. Nc3 Nh6 7. Be3 Be7 8. h3 Bd7 9. d5 Ne5 10. Nxe5 dxe5
11. Qxh5 g5 12. O-O-O c6 13. Bc4 c5 14. d6 Bf6 15. f3 Qa5
0-1

[Event "BAF"]
[Site "SchemingMind.com"]
[Date "2021.10.02"]
[Round "-"]
[White "JAHI"]
[Black "Quotidienne1"]
[Result "1-0"]
[WhiteCountry "INT"]
[BlackCountry "SWE"]
[WhiteElo "2048"]
[WhiteRD "65"]
[BlackElo "1580"]
[BlackRD "71"]
[GameID "716076"]

1. d3 e5 2. g3 d5 3. Bg2 Nf6 4. Bg5 Be7 5. Bxf6 Bxf6 6. Nd2 O-O 7. Kf1 Nc6 8. h3 Be7 9. h4 a5 10. Nh3 h6
11. e3 a4 12. a3 Bf5 13. Qe2 Qd7 14. Re1 Ra6 15. Kg1
1-0

[Event "BAF"]
[Site "SchemingMind.com"]
[Date "2021.10.03"]
[Round "-"]
[White "Quotidienne1"]
[Black "eliecercruzr"]
[Result "0-1"]
[WhiteCountry "SWE"]
[BlackCountry "CUB"]
[WhiteElo "1580"]
[WhiteRD "71"]
[BlackElo "2255"]
[BlackRD "81"]
[GameID "716078"]

1. e4 e6 2. d4 d5 3. e5 c5 4. c3 Nc6 5. Nf3 Qb6 6. a3 a5 7. Bd3 Bd7 8. Bc2 Nh6 9. O-O cxd4 10. cxd4 Nf5
11. Bxf5 exf5 12. Nc3 Be6 13. Be3 Be7 14. Na4 Qa7 15. Rc1 O-O 16. Qd3 h6 17. Rc3 g5 18. g3 Qa6
0-1